000 00448nam a2200145Ia 4500
008 100204s9999 xx 000 0 und d
082 _b25070
100 _aभावे राम
245 _aबहुरुपी वामन
260 _b"पुष्प प्रकाशन , पुणे"
_c1999
300 _a168
630 _aबहुरुपी वामन
730 _aबहुरुपी वामन
942 _cBOOK
999 _c470251
_d470248